| 000 | 00782cam a22002531 4500 | ||
|---|---|---|---|
| 999 |
_c9236 _d9236 |
||
| 003 | BD-JhCC | ||
| 005 | 20190509095336.0 | ||
| 008 | 750715s1914 xx 000 0 eng | ||
| 035 | _a(BD-JhCC) | ||
| 040 |
_aDLC _cDLC _dDLC _dBD-JhCC |
||
| 041 | _aeng | ||
| 050 | 0 | 0 |
_aLB1042 _b.C5 |
| 082 |
_bCOW 1914 _a372 |
||
| 100 | 1 |
_aCowles, Julia Darrow, _d1862-1919. |
|
| 245 | 1 | 4 |
_aThe art of story-telling, _bwith nearly half a hundred stories, _cby Julia Darrow Cowles ... |
| 260 |
_aChicago, _bA. C. McClurg & co., _c1914. |
||
| 300 |
_a6 p. l., 269 p. _c18 cm. |
||
| 500 | _a"Books for the story-teller": p. 267-269. | ||
| 650 | 0 | _aStorytelling. | |
| 650 | 0 | _aChildren's stories. | |
| 856 | 4 | 1 | _uhttp://hdl.loc.gov/loc.gdc/scd0001.00213645997 |
| 942 |
_2ddc _cBK |
||